000
00210 a2200097 4500
001
11390
100
_a
Beneukk, R.
245
_a
Politicaul Violence & Pubdur
260
_a
_b
Allem Lane
_c
090
_c
8937
_d
8937
942
_a
NUST-CAE
_c
M
_c
35752
999
_c
246463
_d
246463